书目信息 |
| 题名: |
美国顶尖寄宿高中100校
|
|
| 作者: | 朴泰仙 主编 | |
| 分册: | ||
| 出版信息: | 北京 中国铁道出版社 2013 |
|
| 页数: | 206页 | |
| 开本: | 24cm | |
| 丛书名: | ||
| 单 册: | ||
| 中图分类: | G639.712.8 | |
| 科图分类: | ||
| 主题词: | 中等学校--zhong deng xue xiao--介绍--美国 | |
| 电子资源: | ||
| ISBN: | 978-7-113-15519-3 | |
| 000 | 00942nam0 2200265 450 | |
| 001 | 012001003672 | |
| 005 | 20130126154553.0 | |
| 010 | @a978-7-113-15519-3@dCNY68.00 | |
| 099 | @aCAL 012013043033 | |
| 100 | @a20130407d2013 em y0chiy50 ea | |
| 101 | 0 | @achi |
| 102 | @aCN@b110000 | |
| 105 | @ay z 001yy | |
| 106 | @ar | |
| 200 | 1 | @a美国顶尖寄宿高中100校@Amei guo ding jian ji su gao zhong 100 xiao@f朴泰仙主编 |
| 210 | @a北京@c中国铁道出版社@d2013 | |
| 215 | @a206页@d24cm | |
| 312 | @a英文题名取自封面 | |
| 330 | @a本书精选百所美国寄宿高中, 就学生和家长普遍关注的内容整合成篇。本书最新的实用数据, 最新的申请要求和最新的招生政策, 对学生和家长有直接的帮助。 | |
| 510 | 1 | @aUSA prestigious 100 boarding high schools@zeng |
| 606 | 0 | @a中等学校@Azhong deng xue xiao@x介绍@y美国 |
| 690 | @aG639.712.8@v5 | |
| 701 | 0 | @a朴泰仙@Apiao tai xian@4主编 |
| 801 | 2 | @aCN@b江苏凤凰@c20191020 |
| 905 | @b1218487-90@dG639.712.8@e1431@f4 | |
| 美国顶尖寄宿高中100校/朴泰仙主编.-北京:中国铁道出版社,2013 |
| 206页;24cm |
| ISBN 978-7-113-15519-3:CNY68.00 |
| 本书精选百所美国寄宿高中, 就学生和家长普遍关注的内容整合成篇。本书最新的实用数据, 最新的申请要求和最新的招生政策, 对学生和家长有直接的帮助。 |
| ● |
| 相关链接 |
|
|
|
|
正题名:美国顶尖寄宿高中100校
索取号:G639.712.8/1431
 
预约/预借
| 序号 | 登录号 | 条形码 | 馆藏地/架位号 | 状态 | 备注 |
| 1 | 1218487 | 212184875 | 第一样本阅览室/ [索取号:G639.712.8/1431] | 在馆 | |
| 2 | 1218488 | 212184884 | 教育系资料室/ [索取号:G639.712.8/1431] | 在馆 | |
| 3 | 1218489 | 212184893 | 教育系资料室/ [索取号:G639.712.8/1431] | 在馆 | |
| 4 | 1218490 | 212184900 | 第四借阅区/ [索取号:G639.712.8/1431] | 在馆 |